<?xml version="1.0" encoding="UTF-8"?>
<record
    xmlns:xsi="http://www.w3.org/2001/XMLSchema-instance"
    xsi:schemaLocation="http://www.loc.gov/MARC21/slim http://www.loc.gov/standards/marcxml/schema/MARC21slim.xsd"
    xmlns="http://www.loc.gov/MARC21/slim">

  <leader>01318nam a2200241Ia 4500</leader>
  <controlfield tag="008">120625s2012    mx            000 0 spa d</controlfield>
  <datafield tag="020" ind1=" " ind2=" ">
    <subfield code="a">9786074064018</subfield>
  </datafield>
  <datafield tag="050" ind1=" " ind2="4">
    <subfield code="a">HJ9741.E7 </subfield>
    <subfield code="b">M4 2012</subfield>
  </datafield>
  <datafield tag="245" ind1="0" ind2="0">
    <subfield code="a">Manual de contabilidad gubernamental.</subfield>
  </datafield>
  <datafield tag="260" ind1="3" ind2=" ">
    <subfield code="a">M&#xE9;xico </subfield>
    <subfield code="b">: Ediciones Fiscales, ISEF</subfield>
    <subfield code="c">, 2012.</subfield>
  </datafield>
  <datafield tag="300" ind1=" " ind2=" ">
    <subfield code="a">886 p&#xE1;ginas.</subfield>
  </datafield>
  <datafield tag="336" ind1=" " ind2=" ">
    <subfield code="a">Texto</subfield>
  </datafield>
  <datafield tag="337" ind1=" " ind2=" ">
    <subfield code="a">Sin medio</subfield>
  </datafield>
  <datafield tag="338" ind1=" " ind2=" ">
    <subfield code="a">Volumen</subfield>
  </datafield>
  <datafield tag="500" ind1=" " ind2=" ">
    <subfield code="a">"Esta edici&#xF3;n contiene las disposiciones publicadas hasta la fecha de impresi&#xF3;n de este producto"--Portada.</subfield>
  </datafield>
  <datafield tag="505" ind1="1" ind2=" ">
    <subfield code="a">Aspectos generales sistema de Contabilidad Gubernamental
Fundamentos metodol&#xF3;gicos de la integraci&#xF3;n y producci&#xF3;n autom&#xE1;tica de informaci&#xF3;n financiera
Plan de Cuentas 
Instructivi de manejo de Cuentas
Modelo de asientos para el Registro Contable 
Gu&#xED;as Contabilizadoras
Normas  y metodolog&#xED;a para la emisi&#xF3;n de informaci&#xF3;n financiera y estructura de los Estados financieros b&#xE1;sicos del ente p&#xFA;blico y caracter&#xED;sticas de sus notas
Matrices de Conversi&#xF3;n </subfield>
  </datafield>
  <datafield tag="519" ind1=" " ind2=" ">
    <subfield code="a">Material complementario /</subfield>
    <subfield code="d">(04 000557)</subfield>
  </datafield>
  <datafield tag="650" ind1="1" ind2="4">
    <subfield code="a">FINANZAS P&#xDA;BLICAS</subfield>
    <subfield code="z">M&#xC9;XICO</subfield>
    <subfield code="v">MANUALES</subfield>
    <subfield code="9">36941</subfield>
  </datafield>
  <datafield tag="650" ind1="2" ind2="4">
    <subfield code="a">ADMINISTRACI&#xD3;N P&#xDA;BLICA</subfield>
    <subfield code="z">M&#xC9;XICO</subfield>
    <subfield code="9">15308</subfield>
  </datafield>
  <datafield tag="650" ind1="2" ind2="4">
    <subfield code="a">HACIENDA P&#xDA;BLICA</subfield>
    <subfield code="x">CONTABILIDAD</subfield>
    <subfield code="z">M&#xC9;XICO</subfield>
    <subfield code="9">36942</subfield>
  </datafield>
  <datafield tag="650" ind1="2" ind2="4">
    <subfield code="a">FINANZAS P&#xDA;BLICAS  </subfield>
    <subfield code="x">NORMAS</subfield>
    <subfield code="z">M&#xC9;XICO</subfield>
    <subfield code="9">36943</subfield>
  </datafield>
  <datafield tag="942" ind1=" " ind2=" ">
    <subfield code="c">LB</subfield>
  </datafield>
  <datafield tag="952" ind1=" " ind2=" ">
    <subfield code="0">0</subfield>
    <subfield code="1">0</subfield>
    <subfield code="4">0</subfield>
    <subfield code="7">0</subfield>
    <subfield code="a">04</subfield>
    <subfield code="b">04</subfield>
    <subfield code="d">2007-06-05</subfield>
    <subfield code="l">9</subfield>
    <subfield code="m">2</subfield>
    <subfield code="o">HJ9741.E7 M4 2012</subfield>
    <subfield code="p">04 000557</subfield>
    <subfield code="r">2018-08-18</subfield>
    <subfield code="s">2015-04-23</subfield>
    <subfield code="t">1</subfield>
    <subfield code="w">2012-06-24</subfield>
    <subfield code="y">LB</subfield>
  </datafield>
  <datafield tag="952" ind1=" " ind2=" ">
    <subfield code="0">0</subfield>
    <subfield code="1">0</subfield>
    <subfield code="2">lcc</subfield>
    <subfield code="4">0</subfield>
    <subfield code="7">0</subfield>
    <subfield code="a">14</subfield>
    <subfield code="b">14</subfield>
    <subfield code="d">2016-10-12</subfield>
    <subfield code="l">0</subfield>
    <subfield code="o">HJ9741.E7 M4 2012</subfield>
    <subfield code="p">14 006784</subfield>
    <subfield code="r">2016-10-12</subfield>
    <subfield code="t">1</subfield>
    <subfield code="w">2016-10-12</subfield>
    <subfield code="y">LB</subfield>
  </datafield>
  <datafield tag="952" ind1=" " ind2=" ">
    <subfield code="0">0</subfield>
    <subfield code="1">0</subfield>
    <subfield code="2">lcc</subfield>
    <subfield code="4">0</subfield>
    <subfield code="7">0</subfield>
    <subfield code="a">14</subfield>
    <subfield code="b">14</subfield>
    <subfield code="d">2016-11-10</subfield>
    <subfield code="l">0</subfield>
    <subfield code="o">HJ9741.E7 M4 2012</subfield>
    <subfield code="p">14 006133</subfield>
    <subfield code="r">2016-11-10</subfield>
    <subfield code="t">2</subfield>
    <subfield code="w">2016-11-10</subfield>
    <subfield code="y">LB</subfield>
  </datafield>
  <datafield tag="999" ind1=" " ind2=" ">
    <subfield code="c">61748</subfield>
    <subfield code="d">61748</subfield>
  </datafield>
</record>
